Community Experieces Reading and Communication for Civics

שמור ב:
מידע ביבליוגרפי
מחבר ראשי: Terrill, Lynda
פורמט: ספר
שפה:English
יצא לאור: McGraw - HillCompanies, Inc 2005
נושאים:
תגים: הוספת תג
אין תגיות, היה/י הראשונ/ה לתייג את הרשומה!
Thư viện lưu trữ: Mạng thư viện Đại học Đà Nẵng
LEADER 00900nam a22002651a 4500
001 000034943
003 11164
005 20151027134516.0
008 151027s2005 000 eng
020 |a 9780072870756 
041 |a eng 
082 |a 420.8  |b TE-L 
100 |a Terrill, Lynda 
245 |a Community Experieces Reading and Communication for Civics  |c Lynda Terrill 
260 |a McGraw - HillCompanies, Inc  |c 2005 
300 |a 96p. : ill ; 30cm 
650 |a Lynda Terrill, Reading, 2005 
OWN |a LNN 
AVA |a UDN50  |b LNN  |d 420.8 TE-L  |e available  |t Error 5001 Not defined in file expand_doc_bib_avail.  |f 1  |g 0  |h N  |i 0  |k 1 
999 |a From the UDN01 
AVA |a UDN50  |b LNN  |d 420.8 TE-L  |e available  |t Error 5001 Not defined in file expand_doc_bib_avail.  |f 1  |g 0  |h N  |i 0  |k 1 
TYP |a Monograph 
980 |a Mạng thư viện Đại học Đà Nẵng